LEADER 01333nas# 2200277 i 450 001 SUN0073997 005 20180313032624.504 011 $a0038-0792 100 $a20100218a1938 |0engc50 ba 101 $aeng 102 $aUS 105 $a|||| ||||| 110 $aaM||||||||| 200 1 $aSoils and fertilizers 207 $aFarnham [poi] Buks : Commonwealth Bureau of soil science, 1938- 210 $dv. ; 25 cm 215 $aMensile. 620 $dBuks$3SUNL001609 676 $a631.4$cPedologia$v22 676 $a631.8$cConcimi, ammendamenti, regolatori di accrescimento, fertilizzanti$v22 801 $aIT$bSOL$c20190311$gRICA 899 $aUFFICIO DI BIBLIOTECA DEL DIPARTIMENTO DI SCIENZE E TECNOLOGIE AMBIENTALI BIOLOGICHE E FARMACEUTICHE$1IT-CE0101$2SUN17$42003-2005; lac. 2003; 2005;$cJ1 ; 912 $aSUN0073997 950 $aUFFICIO DI BIBLIOTECA DEL DIPARTIMENTO DI SCIENZE E TECNOLOGIE AMBIENTALI BIOLOGICHE E FARMACEUTICHE$b172003-2005; lac. 2003; 2005;$d17CONS J1 2004 $e17DSA186 67 20110513 $d17CONS J1 2003 $e17FSA1807 66 20110513 $d17CONS J1 2005 $e17OM 292 68 20110513 996 $aSoils and fertilizers$9786543 997 $aUNICAMPANIA LEADER 00969nam0-22003131i-450 001 990005941470403321 005 20230110164057.0 035 $a000594147 035 $aFED01000594147 035 $a(Aleph)000594147FED01 100 $a20000112d1975----km-y0itay50------ba 101 0 $aita 102 $aIT 105 $ay-------001yy 200 1 $aLeggi scientifiche e spiegazione causale nel diritto penale$eIl nesso di condizionamento fra azione ed evento$fFederico Stella 210 $aMilano$cGiuffrè$d1975 215 $a331 p.$d22 cm 225 1 $aStudi di diritto penale$v22 676 $a345$v23$zita 700 1$aStella,$bFederico$0113214 801 0$aIT$bUNINA$gREICAT$2UNIMARC 901 $aBK 912 $a990005941470403321 952 $aXII C 546 (22)$b104826$fFGBC 952 $aPecoraro Albani S78$b6395$fDSPCP 959 $aFGBC 959 $aDSPCP 996 $aLeggi scientifiche e spiegazione causale nel diritto penale$968601 997 $aUNINA